000 01031nam a22003737a 4500
001 0007790
003 KOHA_MİRAKIL
005 20260207001610.0
007 ta
008 100812b2002 tu a|||gr||||#||||0|tur |
020 _a9759636921
040 _aTR-BiSEU
_btur
_cTR-BiSEU
_erda
041 0 _atur
044 _ctu
050 _aHF5679
_b.F49 2002
100 1 _aFeyiz, Mehmet Ali.
245 1 _aBilgisayarlı muhasebe/
_cMehmet Ali Feyiz ; Mehmet Ali Feyiz.
250 _a4. bs.
264 1 _aRize :
_bAkademi Yayınları
_c2002
300 _a552 sayfa: resimli, tıbkı basım
336 _ametin
_btxt
_2rdacontent
337 _aaracısız
_bn
_2rdamedia
338 _acilt
_bnc
_2rdacarrier
490 1 _aYayın ;
_vno.
490 1 _a3.
490 1 _aBilgisayar dizisi ;
_v2.
500 _aKaynakça var.
650 0 _aBilgisayarlı muhasebe.
_95956
650 0 _aMuhasebe.
_92513
830 1 _aYayın ;
_vno.
_91557
830 1 _a3.
_95553
830 1 _aBilgisayar dizisi ;
_v2.
_92723
942 _2lcc
_cBK
999 _c7767
_d7767